Taylor Swift - Devine la chanson sans indices #7 - Statistiques

Statistiques générales
  • Ce quiz a été pris 704 fois
  • Le résultat moyen est 199 sur 351
Statistiques - réponses
Réponse % Correct
I
99%
a
97%
you
97%
You
97%
oh
92%
whoa
92%
the
90%
The
90%
me
85%
me)
85%
me,
85%
be
83%
we
83%
We
83%
it
80%
it?
80%
to
80%
To
80%
your
79%
And
73%
and
73%
do
73%
"No"
72%
No,
72%
no,
72%
no
72%
go
71%
go,
71%
my
71%
is
69%
have
67%
In
67%
of
65%
for
64%
that
64%
was
63%
Was
63%
what
63%
said,
62%
she
61%
this
59%
this?
59%
It's
58%
could
57%
all
56%
her
56%
did
55%
say
55%
can
54%
been
52%
But
52%
ever
49%
know
48%
there
48%
"Why?"
47%
with
46%
back
45%
at
44%
Get
44%
(get
44%
one
44%
should've
44%
think
42%
home
41%
can't
40%
gone
39%
I've
38%
just
38%
mind
38%
tell
38%
let
37%
still
34%
see
33%
thought
33%
Before
32%
now
32%
out
31%
Baby,
30%
'fore
30%
shouldn't
28%
twice
28%
"Yes"
28%
about
27%
take
27%
myself,
25%
asking
24%
things
24%
might
23%
worth
23%
beggin'
21%
feet
21%
forgiveness
21%
moment
21%
you'd
21%
everything
20%
known
20%
need
20%
right
20%
same?
20%
word
20%
Even
19%
used
19%
believe
17%
looking
17%
strange
16%
weakness
16%
Feels
15%
sing
15%
wrong
15%
chance,
14%
found
14%
past
14%
songs
14%
'bout
13%
cryin'
13%
flowers,
13%
Yesterday
12%
expect
11%
Given
11%
honestly
11%
resist
10%
smiles,
10%
Aucun quiz correspondant
Distribution des résultats
% des personnes avec chaque résultat
Percentile par nombre de réponses
Votre historique - résultats
Vous n’avez pas pris ce quiz